00929nam a2200229Ia 4500003000900000008004100009020001800050040001600068080002300084111010800107245026500215260003400480300001300514650004100527650001700568650001600585650002600601650001400627700002000641700001500661700002300676IN-BaIIA211028s9999 xx 000 0 eng d a3-540-18303-5 cIIA Library a520.62:52-728bLOW aWorkshop on Low Temperature Detectors for Neutrinos and Dark MattercTegernsee, Germanyd1987 May 12-13 0aLow temperature detectors for neutrinos and dark matterbproceedings of the workshop on low temperature detectors for neutrinos and dark matter, held in Tegernsee, Germany, May 12-13, 1987cedited by K. Pretzl  aBerlinbSpringer-Verlagc1987 ax, 159p. aAstronomy and Astrophysics Thesaurus aAstrophysics aDark matter aNeutrino astrophysics aNeutrinos aPretzl, K., ed. aSchmitz, N aStodolsky, L., ed.